Normal view
MARC view
- LOGAN, L. DARYL
Entry Personal Name
001 - CONTROL NUMBER
- control field: 89545
003 - CONTROL NUMBER IDENTIFIER
- control field: NUST
005 - DATE AND TIME OF LATEST TRANSACTION
- control field: 20220224160356.0
008 - FIXED-LENGTH DATA ELEMENTS
- fixed length control field: 220224|| aca||aabn | a|a d
040 ## - CATALOGING SOURCE
- Original cataloging agency: NUST
- Transcribing agency: NUST
100 ## - HEADING--PERSONAL NAME
- Personal name: LOGAN, L. DARYL
670 ## - SOURCE DATA FOUND
- Source citation: Work cat.: (NUST): LOGAN, L. DARYL., A FIRST CASE IN FISITE /, 2012.
